Представление документа в формате RUSMARC

ПолеНазваниеЗначение
  Тип записи a
  Библиографический уровень a
001 Контрольный номер RU/CBS_Ul/BASE/526580517
005 Дата корректировки 20240209175204.5
100 Данные общей обработки __
a Данные общей обработки 20160907d2016 ||| 0rusy0189 ca
101 Язык документа 0_
a Язык текста rus
102 Страна публикации __
a Страна публикации RU
105 Кодированные данные (монография) __
a Кодированные данные (монография) y###||||000|y
200 Заглавие и сведения об ответственности 1_
a Заглавие Удивительная Англия
b Общее обозначение материала Текст
e Сведения, относящиеся к заглавию [виртуальное путешествие по Англии]
f Первые сведения об ответственности Е. И. Сайкина
300 Общие примечания __
a Общие примечания Ограничения по возрасту - 16+
320 Библиография __
a Библиография Библиогр.: с. 72
461 Уровень набора _0
1 2000
a Читаем, учимся, играем
463 Уровень физической единицы _0
1 001RU/CBS_Ul/BASE/522239288
1 2000
a № 5
v С. 67-72
1 210
d 2016
606 Тематические рубрики 0_
a Основная рубрика Великобритания - Сценарии
y Географическая подрубрика Великобритания, остров (Атлантический океан)
610 Ключевые слова 0_
a Ключевые слова сценарии
a Ключевые слова виртуальные путешествия
a Ключевые слова Туманный Альбион
a Ключевые слова история Англии
a Ключевые слова культура Англии
686 Индексы других классификаций __
a Классификационный индекс 74.200.5
2 Код системы ББК
700 Автор _1
a Фамилия Сайкина
b Имя (инициалы) Е. И.
g Полное личное имя Екатерина Ивановна
801 Источник записи _0
a Страна RU
b Организация МБУК ЦБС г. Ульяновска
c Дата составления 20160907
g Правила каталогизации RCR
801 Источник записи _1
a Страна RU
b Организация МБУК ЦБС г. Ульяновска
c Дата составления 20160907
g Правила каталогизации RCR
901 Тип документа __
t Тип документа b
w Контрольный № источника RU/CBS_Ul/BASE/522239288
910 Корректоры записи __
a Корректор записи Библиотека 27
938 Служебная информация __
a Имя БД period